00632nam a2200193Ia 4500003000900000008004100009020001800050040001600068080001700084100002100101245015200122260002700274300001500301490003900316650002400355650001600379650002100395650002200416IN-BaIIA211028s9999 xx 000 0 eng d a3-540-40750-2 cIIA Library a521.1bBEU-2 aBeutler, Gerhard 0aMethods of celestial mechanicsbvol. 2, physical, mathematical and numerical principlescGerhard Beutler  aBerlinbSpringerc2005 axvi, 448p. aAstronomy and astrophysics library aCelestial mechanics aGeodynamics aPlanetary syetem aSatellite geodesy